000
00188 a2200097 4500
020
_a
156492100
041
_a
spa
100
_a
Clarita Kohen
245
_a
El conejo y el coyote
942
_c
BK
999
_c
28725
_d
28725